000
00304nam a2200133Ia 4500
005
20251222141931.0
008
251222s9999||||xx |||||||||||||| ||spa||
020
_a
978-9972-659-54-6
082
_a
884.9/L85
100
_a
Longo
245
0
_a
Dafnis o Cloe
264
_b
Fondo Editorial PUCP
942
_c
LIB
999
_c
9046
_d
9046